000
00314nam a22001457a 4500
008
230206b ||||| |||| 00| 0 eng d
020
_a
9780321640086
041
_a
eng
080
_2
SIXTH EDITION
_a
51
082
_a
51GAY
100
_a
21
101
_a
MATE
245
_a
PREALGEBRA
_c
GAY M E
942
_2
udc
_c
BK
999
_c
59300
_d
59300